000 00508cam a2200145 4500500
005 20251228065424.0
041 _afre
042 _adc
100 1 0 _aJoma, Nazlli
_eauthor
245 0 0 _aEnfant-espoir ou enfant-sacrifice ? Être mineur isolé à Mayotte
260 _c2016.
500 _a78
786 0 _nVST - Vie sociale et traitements | 130 | 2 | 2016-05-27 | p. 78-83 | 0396-8669
856 4 1 _uhttps://shs.cairn.info/revue-vie-sociale-et-traitements-2016-2-page-78?lang=fr&redirect-ssocas=7080
999 _c1591482
_d1591482